000
00294nam a2200109Ia 4500
008
220204s9999 xx 000 0 und d
082
_a
69.035.4
_b
PAR
100
_a
Parker, A D
245
0
_a
Planning and estimating underground construction
260
_a
New York
_b
McGraw Hill
_c
1970
942
_c
BK
999
_c
25679
_d
25679